| 000 | 01459njm a22003017a 4500 | ||
|---|---|---|---|
| 005 | 20100916122437.0 | ||
| 006 | a|||||r|||||00| 0 | ||
| 007 | sd ammalaaahaa | ||
| 008 | 100901t xxu||||| |||| 00| 0 eng d | ||
| 028 |
_aMCOE. 4024 _bODEON |
||
| 035 | _aGR-02906 | ||
| 040 |
_aSED _cSED |
||
| 100 |
_aKapoor, Mahendra _917891 |
||
| 245 |
_aPurab aur pachhim / _cby Mahendra Kapoor, Brij Bhushan Shyama Chittar and Chorus; lyric by Indiwar; music by Kalyanji Anandji _h[Sound recording] |
||
| 246 | _aपूरब और पच्छिम / महेंद्र कपूर द्वारा | ||
| 260 |
_aDum Dum, India _bODEON _c1971 |
||
| 300 |
_a1 Sound disc [Gramophone Recording] : _banalog, 33 1/3 rpm _c12 in. (LP) _fGramophone Record |
||
| 500 | _aBrief record | ||
| 500 | _aRecord Labels : ODEON, Black | ||
| 505 | _aSide-1 ॐ जय जगदीश हरे-आरती (Om jai jagdish hare-aarti) (Mahendra Kapoor, Brij Bhushan Shyama Chittar and Chorus) --Side-2 ट्विंकल ट्विंकल लिटिल स्टार (Twinkle twinkle little star) (Asha Bhosle, Mahendra Kapoor and Chorus) | ||
| 600 |
_aKapoor, Mahendra _919718 |
||
| 650 |
_aFilm songs _xExcerpts _zIndia _917892 |
||
| 700 |
_aBrij Bhushan Shyama Chittar _920094 |
||
| 700 |
_aIndiwar _920299 |
||
| 700 |
_aKalyanji Anandji _920319 |
||
| 942 |
_2ddc _cGR |
||
| 999 |
_c46138 _d46138 |
||